Statistics for Magic: The Gathering (MTG) Standard Banned and Restricted Cards

Click here to take the quiz!

General Stats

  • This quiz has been taken 15 times
    (9 since last reset)
  • The average score is 64 of 94

Answer Stats

Year banned/restrictedDescriptionAnswer% Correct
Restricted1995free artifact that you can sac to get 3 mana of any 1 color.Black Lotus
100%
Restricted19952 mana search your deck for any card and put it into your hand.Demonic Tutor
100%
Banned2019if you have 7 lands with different names, landfall causes you to make a 2/2 zombie token.Field of the Dead
100%
Banned1999free artifact. sac: add 1 mana of any color to your mana poolLotus Petal
100%
Restricted1995tap this land to untap an attacking creature and remove it from combat.Maze of Ith
100%
Restricted1995free artifact that taps for G.Mox Emerald
100%
Restricted1995free artifact that taps for B.Mox Jet
100%
Restricted1995free artifact that taps for W.Mox Pearl
100%
Restricted1995free artifact that taps for R.Mox Ruby
100%
Restricted1995free artifact that taps for U.Mox Sapphire
100%
Banned20193 mana planeswalker that makes food and turns things into elk.Oko, Thief of Crowns
100%
Banned2019if it's the first spell you cast this game, it's free. look at the top 5 cards and choose a creature or land from among them.Once Upon a Time
100%
Banned2004equip this to a creature and it gets +1 power and -1 toughness. if the creature dies, draw 2 cards.Skullclamp
100%
Restricted1996sac this land to destroy any target land.Strip Mine
100%
Banned2022take an extra turn after this one, and make 2 bird tokens.Alrund's Epiphany
86%
Restricted19951 mana to draw three cards.Ancestral Recall
86%
Banned2020when this creature etb's you gain a life and each opponent loses a life. sac a food to bring this back from the graveyard.Cauldron Familiar
86%
Banned1995sorcery that lets you pay life instead of colorless mana this turn.Channel
86%
Restricted1995sorcery that lets you pay life instead of colorless mana this turn.Channel
86%
Restricted1995flip this artifact onto the table, and any permanents that it touches get destroyed.Chaos Orb
86%
Banned2017big creature that's cost is reduced by card types in your graveyard. when cast, you take control of your opponents next turn, then they get an extra turn.Emrakul, the Promised End
86%
Banned2023saga that makes a goblin, lets you rummage up to 2 cards, and then turns into a creature that can copy your non-legendary creatures.Fable of the Mirror-Breaker
86%
Banned2020instant. draw a card, then you can put a land from your hand onto the battlefield.Growth Spiral
86%
Banned2023target opponent sacs a creature, planeswalker, and enchantment. for each permanent type that they don't have, you draw a card and they lose 2 life.Invoke Despair
86%
Restricted1995If you have exactly 7 cards in hand, you can tap this land to draw a card.Library of Alexandria
86%
Banned2023vehicle that can tap to draw a card up to 3 times, and after doing this 3 times, it makes a pilot tokenReckoner bankbuster
86%
Banned2005blue artifact landSeat of the Synod
86%
Restricted19951 mana artifact that taps for 2 colorless mana.Sol Ring
86%
Banned2011creature which searches your deck for an equipment and can then put equipment onto the battlefield for 2 manaStoneforge Mystic
86%
Restricted1995both players shuffle their graveyard, hand, and library together and then draw 7 cards.Time Twister
86%
Restricted19951U: take an extra turn.Time Walk
86%
Banned2005green artifact landTree of Tales
86%
Banned2020when this creature etb's, you draw a card, gain 3 life, and may put a land from your hand onto the battlefield, then sac it unless it escaped.Uro, Titan of Nature's Wrath
86%
Banned2019you and permanents you control gain protection from blue and black until end of turn. spells you control can't be countered. draw a card if an opponent has cast a blue or black spell this turn.Veil of Summer
86%
Restricted1995both players discard their hands and then draw 7 cards.Wheel of Fortune
86%
Banned1998each player discards their hand and then draws cards equal to the greatest number discarded by a player this way.Windfall
86%
Banned2020when this creature etb's you steal an opponents permanent.Agent of Treachery
71%
Banned2005white artifact landAncient Den
71%
Banned2005modular 1 creature. sac an artifact to put a +1/+1 counter on this.Arcbound Ravager
71%
Restricted1995determine which player has the fewest creatures, lands, and cards in hand. then each other player sacrifices creatures and lands, and discards cards until they have the same number.Balance
71%
Restricted1995this enchantment enters as a copy of any artifact on the battlefield except it's also an enchantment.Copy Artifact
71%
Banned2005indestructible colorless artifact landDarksteel Citadel
71%
Banned2022tap 3 snow lands to turn this land into a 4/3 shapeshifter with vigilance until end of turn.Faceless Haven
71%
Restricted1995flip this sorcery onto the table, and deal 3 damage to any permanent it touches.Falling Star
71%
Banned2005red artifact landGreat Furnace
71%
Banned2011planeswalker who has 4 abilites and can take over a game if left aloneJace, the Mind Sculptor
71%
Restricted1996at the beginning of your upkeep, if a player controls more lands than you, you may search your deck for up to 3 basic lands and put them into your hand.Land Tax
71%
Restricted1995tap this land to add 3 colorless mana which can only be used to cast artifact spells.Mishra's Workshop
71%
Banned2020creature that gives you big value for the first 3 land drops of your turnOmnath, Locus of Creation
71%
Banned2018pay 4 and tap this land plus sacrifice a desert to do 2 damage to any target.Ramunap Ruins
71%
Banned1999sac a creature and return this enchantment to your hand: return target creature from your graveyard to the battlefield.Recurring Nightmare
71%
Banned1995play a new game within the game using your current library. whoever loses this game loses half of their life in the main game.Shahrazad
71%
Banned2017cheap and powerful vehicle that loots when it attacksSmuggler's Copter
71%
Banned20203 mana planeswalker that prevents opponents from casting spells outside of sorcery speed.Teferi, Time Raveler
71%
Banned2022XBB all creatures get -x/-x until end of turn. when creatures you control die, each opponent loses 1 life. when creatures your opponents control die, you gain a life.The Meathook Massacre
71%
Banned1995an artifact which can be tapped to take an extra turn. doesn't untap normally.Time Vault
71%
Banned1998land that taps for a U for each artifact you control.Tolarian Academy
71%
Banned2005black artifact landVault of Whispers
71%
Banned2020at the end of your turn, untap all lands you control.Wilderness Reclamation
71%
Banned1997free artifact. sac a land: gain 2 life.Zuran Orb
71%
Restricted1995free artifact. sac a land: gain 2 life.Zuran Orb
71%
Banned2017whenever a permanent you control dies, you get an energy. spend 6 energy to look at the top 6 cards and cast one of them for free.Aetherworks Marvel
57%
Banned2018search your deck for a basic land and put it into your hand, then gain 2 energy.Attune with Aether
57%
Banned2005whenever an artifact goes to the graveyard from the battlefield, target opponent loses 1 life.Disciple of the Vault
57%
Banned2022return a permanent or a spell on the stack with cmc 1 or greater to it's owner's hand, and learn.Divide by Zero
57%
Banned2020exile the top 5 cards of your deck: you can play them until next turn, and you can play an extra land this turn.Escape to the Wilds
57%
Banned2017creature that can blink any permanent you control.Felidar Guardian
57%
Banned2020you can only cast 2 spells per turn, and only on your turn. you can cast spells for free if their cmc is less than or equal to the number of lands you controlFires of Invention
57%
Banned2020copy each adventure instant or sorcery that you cast.Lucky Clover
57%
Banned1999sacrifice this artifact to have all players exile their hands and draw 7 cards, then at the end of the turn they discard their hand and put return their old hand from exile.Memory Jar
57%
Restricted1995XB target player discards X random cards.Mind Twist
57%
Banned1996BX target player discards X random cards.Mind Twist
57%
Banned2018*(unbanned in paper but not Arena)dinosaur that prevents players from gaining life, and deals 1 damage to a player whenever a creature etb's under their control.Rampaging Ferocidon
57%
Banned2017creature that upon etb returns a creature to an opponents hand, and that player cannot cast spells with that name next turn.Reflector Mage
57%
Restricted1995Whenever an opponent draws a card, deal 1 damage to that player.Underworld Dreams
57%
Restricted1995creature that prevents your life from dropping below 1.Ali from Cairo
43%
Restricted1995cast only before combat damage. give a creature +x power where x is it's power. destroy the creature at the next end step.Berserk
43%
Restricted1995XUU draw X cards.Braingeyser
43%
Restricted1995pay x mana and tap this artifact to untap x lands.Candelabra of Tawnos
43%
Banned1999instead of paying the cost for a spell, you may discard a card of the same color as the spell.Dream Halls
43%
Restricted1996target player discards 2 random cards.Hymn to Tourach
43%
Banned1999discard a card to untap a creature, artifact, or land.Mind Over Matter
43%
Restricted1995return a card from your graveyard to your hand.Regrowth
43%
Banned19996 mana, exile this card as it resolves. each player shuffles their graveyard and hand into their library, then you untap up to 6 lands.Time Spiral
43%
Banned1995enters the battlefield with two counters on it. at the beginning of your upkeep remove a counter. when it has no counters on it, the game ends in a draw.Divine Intervention
29%
Banned1999tap an untapped creature you control to untap a land.Earthcraft
29%
Restricted1995at the beginning of your upkeep gain X life where X is the number of cards in your hand minus 4.Ivory Tower
29%
Restricted1996choose a player. at the beginning of that players upkeep, they lose 4 life minus the number of cards in their hand.Black Vise
14%
Restricted1995*exile this artifact to shuffle your graveyard back into your deck.Feldon's Cane
14%
Banned1999cycling abilities you control cost 2 colorless lessFluctuator
14%
Restricted1995sac this artifact to swap life totals with your opponent.Mirror Universe
14%
Restricted1995*XXU discard X cards, and then return X cards from your graveyard to your hand.Recall
14%
Banned2018when this creature etbs, draw a card and gain 2 energy.Rogue Refiner
14%
Restricted1995tap and exile this artifact to exile any number of creatures you control and then deal X damage to any target where X was those creatures total power.Sword of the Ages
14%

Score Distribution

Percentile by Number Answered

Percent of People with Each Score

Your Score History

You have not taken this quiz since the last reset